[Event "IND-ch 59th"]
[Site "New Delhi"]
[Date "2023.01.03"]
[Round "13"]
[White "Nagare, Kaivalya Sandip"]
[Black "Sarthak, Rawat"]
[Result "1-0"]
[WhiteElo "2124"]
[BlackElo "1863"]
[PlyCount "69"]
[EventDate "2022.12.22"]
[EventType "swiss"]
[EventRounds "13"]
[EventCountry "IND"]
[SourceTitle "CBM 211 Extra"]
[Source "ChessBase"]
[SourceDate "2023.01.31"]
[SourceVersion "1"]
[SourceVersionDate "2023.01.31"]
[SourceQuality "1"]

1. e4 c5 2. Nf3 Nc6 3. d4 cxd4 4. Nxd4 g6 5. c4 Bg7 6. Be3 Nf6 7. Nc3 Ng4 8. Qxg4 Nxd4 9. Qd1 Ne6 10. Be2 0-0 11. 0-0 b6 12. Qd2 Bb7 13. f3 Be5 14. Nd5 Nc5 15. Bd4 Bxd4+ 16. Qxd4 a5 17. f4 d6 18. Rad1 Bxd5 19. cxd5 Qd7 20. b3 f6 21. Rf3 b5 22. f5 g5 23. g4 b4 24. h4 h6 25. Kg2 Kg7 26. Rh1 Rh8 27. Rfh3 Qc7 28. hxg5 hxg5 29. Rh5 Rxh5 30. Rxh5 Kf7 31. Bc4 Rf8 32. e5 dxe5 33. d6+ Kg7 34. Rxg5+ Kh7 35. Qd1 1-0

[Event "IND-ch 59th"]
[Site "New Delhi"]
[Date "2023.01.01"]
[Round "11"]
[White "Pawar, Harshit"]
[Black "Sarthak, Rawat"]
[Result "0-1"]
[WhiteElo "2110"]
[BlackElo "1863"]
[PlyCount "68"]
[EventDate "2022.12.22"]
[EventType "swiss"]
[EventRounds "13"]
[EventCountry "IND"]
[SourceTitle "CBM 211 Extra"]
[Source "ChessBase"]
[SourceDate "2023.01.31"]
[SourceVersion "1"]
[SourceVersionDate "2023.01.31"]
[SourceQuality "1"]

1. Nc3 d5 2. d4 Nf6 3. Bf4 e6 4. Nb5 Na6 5. e3 Be7 6. Nf3 Ne4 7. Bd3 0-0 8. 0-0 f5 9. a3 Bd7 10. h3 Bxb5 11. Bxb5 Nb8 12. Bd3 g5 13. Bh2 Bd6 14. Ne5 Nd7 15. c4 c6 16. f4 gxf4 17. exf4 Nxe5 18. fxe5 Be7 19. Kh1 Kh8 20. Bxe4 fxe4 21. Qg4 Rxf1+ 22. Rxf1 Qg8 23. cxd5 Qxg4 24. hxg4 cxd5 25. Rf7 Rf8 26. Rxf8+ Bxf8 27. Bf4 Kg7 28. g3 Kg6 29. Kg2 Bh6 30. Kf2 Bg5 31. Kg2 h5 32. Kh3 e3 33. gxh5+ Kxh5 34. g4+ Kg6 0-1

[Event "IND-ch 59th"]
[Site "New Delhi"]
[Date "2022.12.30"]
[Round "9"]
[White "Praveen Kumar, Chandrasekar"]
[Black "Sarthak, Rawat"]
[Result "1-0"]
[WhiteElo "2212"]
[BlackElo "1863"]
[PlyCount "143"]
[EventDate "2022.12.22"]
[EventType "swiss"]
[EventRounds "13"]
[EventCountry "IND"]
[SourceTitle "CBM 211 Extra"]
[Source "ChessBase"]
[SourceDate "2023.01.31"]
[SourceVersion "1"]
[SourceVersionDate "2023.01.31"]
[SourceQuality "1"]

1. d4 Nf6 2. Nf3 e6 3. g3 b6 4. Bg2 Bb7 5. 0-0 Be7 6. c4 d5 7. Nbd2 0-0 8. Qc2 c5 9. dxc5 bxc5 10. cxd5 exd5 11. b3 Nc6 12. a3 Re8 13. Bb2 Bf8 14. Rfe1 Rc8 15. Rad1 d4 16. Nc4 Na5 17. Nh4 Bxg2 18. Nxg2 Nxc4 19. Qxc4 Ng4 20. Nf4 Bd6 21. Bc1 Bxf4 22. Bxf4 Qf6 23. Qd5 h6 24. Qf3 Ne5 25. Bxe5 Qxe5 26. Rc1 Qe6 27. Rc4 Rb8 28. Qd3 Qe4 29. Qxe4 Rxe4 30. b4 cxb4 31. axb4 Rd8 32. Kf1 Re7 33. Rd1 Red7 34. Rd3 Kf8 35. Ke1 Ke7 36. Kd2 Ke6 37. Ra3 Rb8 38. Kd3 Rb5 39. Ra6+ Ke7 40. h4 f6 41. Ra5 Rb6 42. h5 a6 43. Rac5 Rbb7 44. Rc6 Rb5 45. Rxa6 Rdb7 46. Ra4 Rxh5 47. Kxd4 Rh2 48. Kd5 Rh5+ 49. Ke4 Rh2 50. Kf3 Rh1 51. Ra3 Rb1 52. Re3+ Kf7 53. Ree4 Rb3+ 54. e3 Rb2 55. g4 Ra7 56. Kg3 Kg6 57. Red4 Rb7 58. f3 Re7 59. Re4 Ra7 60. f4 Rb7 61. Kf3 Rb3 62. Ke2 Ra7 63. Rc1 Rb7 64. f5+ Kh7 65. Rc8 g5 66. Ree8 R3xb4 67. Rh8+ Kg7 68. Rcg8+ Kf7 69. Rg6 Ke7 70. Rh7+ Kd6 71. Rxf6+ Kd5 72. Rxb7 1-0

[Event "IND-ch 59th"]
[Site "New Delhi"]
[Date "2022.12.29"]
[Round "8"]
[White "Sarthak, Rawat"]
[Black "Srihari, Lakshmi"]
[Result "1-0"]
[WhiteElo "1863"]
[BlackElo "2356"]
[PlyCount "109"]
[EventDate "2022.12.22"]
[EventType "swiss"]
[EventRounds "13"]
[EventCountry "IND"]
[SourceTitle "CBM 211 Extra"]
[Source "ChessBase"]
[SourceDate "2023.01.31"]
[SourceVersion "1"]
[SourceVersionDate "2023.01.31"]
[SourceQuality "1"]

1. e4 c5 2. Nf3 d6 3. d4 cxd4 4. Nxd4 Nf6 5. Nc3 a6 6. Be2 e6 7. Be3 Be7 8. 0-0 0-0 9. a4 Nc6 10. Kh1 Qc7 11. f4 Re8 12. Qe1 d5 13. e5 Ne4 14. Nxe4 dxe4 15. c3 Bd7 16. Nxc6 Qxc6 17. a5 Rec8 18. Qf2 Bc5 19. Rfd1 Be8 20. Kg1 Kf8 21. Bxc5+ Qxc5 22. Qxc5+ Rxc5 23. c4 f6 24. b4 Rc7 25. Rd4 Bc6 26. Rad1 Ke7 27. Kf2 fxe5 28. fxe5 Rf8+ 29. Ke3 Rf5 30. g4 Rxe5 31. Kf4 Kf6 32. Ke3 h5 33. Rf1+ Kg6 34. gxh5+ Kg5 35. h4+ Kxh4 36. Rg1 Rf7 37. Rdd1 Rf3+ 38. Kd4 Rg5 39. Bxf3 exf3 40. Rh1+ Kg3 41. Rdg1+ Kf4 42. Rxg5 Kxg5 43. Ke5 Kg4 44. Rg1+ Kxh5 45. Rxg7 Kh4 46. Kf4 e5+ 47. Ke3 Kh3 48. b5 axb5 49. cxb5 Bxb5 50. Rxb7 Bc4 51. Rh7+ Kg2 52. Rg7+ Kf1 53. Kxf3 Ke1 54. Ke4 Kd2 55. Rg3 1-0

[Event "Bikaner op 1st"]
[Site "Bikaner"]
[Date "2022.10.04"]
[Round "5"]
[White "Pawar, Harshit"]
[Black "Sarthak, Rawat"]
[Result "1/2-1/2"]
[WhiteElo "2141"]
[BlackElo "1827"]
[PlyCount "86"]
[EventDate "2022.10.01"]
[EventType "swiss"]
[EventRounds "10"]
[EventCountry "IND"]
[SourceTitle "CBM 210 Extra"]
[Source "ChessBase"]
[SourceDate "2022.11.30"]
[SourceVersion "1"]
[SourceVersionDate "2022.11.30"]
[SourceQuality "1"]

1. e4 c5 2. Nf3 Nc6 3. d4 cxd4 4. Nxd4 g6 5. c4 Nf6 6. Nc3 d6 7. f3 Nxd4 8. Qxd4 Bg7 9. Be3 0-0 10. Qd2 Be6 11. Rc1 Qa5 12. b3 Rfc8 13. Be2 a6 14. Na4 Qxd2+ 15. Kxd2 Nd7 16. g4 Rab8 17. h3 Rc6 18. Nc3 Rbc8 19. f4 Bxc3+ 20. Rxc3 f6 21. Rhc1 Bf7 22. h4 Nc5 23. Bf3 e5 24. f5 R6c7 25. Ke2 Be8 26. Rd1 Rd8 27. Ke1 Rcc8 28. b4 Na4 29. Rc2 Bf7 30. Rdc1 Rc6 31. Bd1 Rdc8 32. c5 dxc5 33. bxc5 Kf8 34. g5 Be8 35. fxg6 hxg6 36. gxf6 Rxf6 37. Rb1 Bb5 38. Be2 Bxe2 39. Kxe2 b6 40. a3 Nxc5 41. Rc4 Rfc6 42. Bxc5+ bxc5 43. Rd1 Rb8 1/2-1/2

[Event "Bikaner op 1st"]
[Site "Bikaner"]
[Date "2022.10.01"]
[Round "1"]
[White "Omidi, Arya"]
[Black "Sarthak, Rawat"]
[Result "1-0"]
[WhiteElo "2321"]
[BlackElo "1827"]
[PlyCount "89"]
[EventDate "2022.10.01"]
[EventType "swiss"]
[EventRounds "10"]
[EventCountry "IND"]
[SourceTitle "CBM 210 Extra"]
[Source "ChessBase"]
[SourceDate "2022.11.30"]
[SourceVersion "1"]
[SourceVersionDate "2022.11.30"]
[SourceQuality "1"]

1. e4 c5 2. Nf3 Nc6 3. Bb5 e6 4. 0-0 Nge7 5. Re1 a6 6. Bf1 Ng6 7. c3 Be7 8. d4 d6 9. g3 0-0 10. h4 e5 11. dxc5 dxc5 12. Nbd2 Bg4 13. a4 Kh8 14. Qc2 Qc8 15. Nh2 Rd8 16. Nc4 Rb8 17. Nb6 Qc7 18. Nd5 Qd7 19. Nxg4 Qxg4 20. Ne3 Qd7 21. Qb3 Qe8 22. a5 Bd6 23. Nc4 Nf8 24. Be3 Ne6 25. Qa3 Rbc8 26. Bh3 Na7 27. Red1 Nb5 28. Qb3 Qc6 29. Rd5 Re8 30. Rad1 Rcd8 31. Nxe5 Qc7 32. Nf3 c4 33. Qc2 Qxa5 34. e5 Be7 35. Bf1 Rxd5 36. Rxd5 Rd8 37. Rxd8+ Qxd8 38. Bxc4 Nbc7 39. Bb6 Qd7 40. Qe4 Ne8 41. Qd5 Qxd5 42. Bxd5 Kg8 43. Bxb7 N8c7 44. Nd4 Bc5 45. Ba5 1-0

[Event "Udaipur Lakecity op 3rd"]
[Site "Udaipur"]
[Date "2019.03.29"]
[Round "4"]
[White "Govind, Prabhu Mah"]
[Black "Sarthak, Rawat"]
[Result "1/2-1/2"]
[WhiteElo "1558"]
[BlackElo "1883"]
[PlyCount "135"]
[EventDate "2019.03.28"]
[EventType "swiss"]
[EventRounds "8"]
[EventCountry "IND"]
[SourceTitle "CBM 189 Extra"]
[Source "ChessBase"]
[SourceDate "2019.06.03"]
[SourceVersion "1"]
[SourceVersionDate "2019.06.03"]
[SourceQuality "1"]

1. e4 c5 2. c3 d5 3. exd5 Qxd5 4. d4 cxd4 5. cxd4 Nc6 6. Nf3 Bg4 7. Be2 Nf6 8. Nc3 Qd8 9. d5 Bxf3 10. Bxf3 Ne5 11. Be2 g6 12. 0-0 Bg7 13. Qb3 0-0 14. Qxb7 Rb8 15. Qxa7 Nxd5 16. Qa3 Nb4 17. Rd1 Qc7 18. Qa4 Nec6 19. Be3 Ra8 20. Qb3 Rfb8 21. Nb5 Qe5 22. a3 Qxb2 23. Qxb2 Bxb2 24. Rab1 Bxa3 25. Rb3 Nc2 26. Bf3 Ra6 27. Nxa3 Rxb3 28. Nxc2 Rb8 29. g3 Ne5 30. Bg2 Ng4 31. Bf4 e5 32. Be3 Rb2 33. Bf3 Nxe3 34. Nxe3 Rf6 35. Nc4 Rb5 36. Kg2 Kg7 37. Rd7 Rb8 38. Nxe5 Re8 39. Nd3 Rfe6 40. Nf4 R6e7 41. Rd6 Rb8 42. h4 h5 43. Nh3 Rb2 44. Bc6 Rb6 45. Rd7 Rxd7 46. Bxd7 Rd6 47. Bb5 f6 48. Nf4 Kh6 49. Be2 Rb6 50. Nd5 Rd6 51. Bf3 g5 52. hxg5+ fxg5 53. Be4 g4 54. Ne3 Kg5 55. Bd5 Rf6 56. Bc4 h4 57. gxh4+ Kxh4 58. Be2 Rf4 59. Nf1 Rb4 60. Ng3 Ra4 61. Bd3 Ra3 62. Be4 Ra4 63. Bc6 Ra3 64. Bd7 Ra7 65. Be6 Ra6 66. Bc4 Ra3 67. Nf5+ Kg5 68. Ne3 1/2-1/2

[Event "Kathmandu op"]
[Site "Kathmandu"]
[Date "2018.04.13"]
[Round "1"]
[White "Sarthak, Rawat"]
[Black "Volkov, Sergey"]
[Result "0-1"]
[WhiteElo "1615"]
[BlackElo "2598"]
[PlyCount "62"]
[EventDate "2018.04.13"]
[EventType "swiss"]
[EventRounds "9"]
[EventCountry "NEP"]
[SourceTitle "CBM 183 Extra"]
[Source "ChessBase"]
[SourceDate "2018.04.19"]
[SourceVersion "1"]
[SourceVersionDate "2018.04.19"]
[SourceQuality "1"]

1. e4 e6 2. d4 d5 3. Nd2 Nf6 4. e5 Nfd7 5. Bd3 c5 6. c3 Nc6 7. Ne2 cxd4 8. cxd4 f6 9. Nf4 Nxd4 10. Qh5+ Ke7 11. Ng6+ hxg6 12. exf6+ Nxf6 13. Qxh8 Kf7 14. Qh4 e5 15. 0-0 e4 16. Bxe4 dxe4 17. Nxe4 Be7 18. Nxf6 Bxf6 19. Qe4 Qb6 20. Be3 Bf5 21. Qd5+ Be6 22. Qe4 Qc6 23. Qxc6 bxc6 24. Bxd4 Bxd4 25. Rac1 c5 26. b3 a5 27. Rfd1 a4 28. b4 a3 29. bxc5 Bb2 30. Rc2 Bxa2 31. Rd7+ Kf8 0-1